| 000 | 00534nam a2200181 i 4500 | ||
|---|---|---|---|
| 001 | 101775 | ||
| 003 | ES-MaACL | ||
| 005 | 20230906182958.0 | ||
| 007 | t| | ||
| 008 | 051025s1908 fr |||| | fre d | ||
| 100 | 1 |
_aMeillet, Antoine ( _d1866-1936) _979843 |
|
| 245 | 1 | 0 |
_aIntroduction áa l'étude comparative des langues indo-européennes / _cA. Meillet. |
| 250 | _a2ª ed. | ||
| 260 |
_aChartres : _bDurand, _c1908. |
||
| 300 |
_aXXVI, 464 p. ; _c22 cm. |
||
| 650 | 0 | 4 |
_aLenguas indoeuropeas. _914360 |
| 852 |
_aES-MaACL _jD-4104 |
||
| 999 |
_c101775 _d101775 |
||